[Event "Aberto Brasil - II Niterói Chess Open "]
[Site "Salão de Convenções do Hot"]
[Date "2022.09.02"]
[Round "2.22"]
[White "Costa, Carlos Evanir"]
[Black "Castro Silva, Alex"]
[Result "0-1"]
[WhiteElo "2224"]
[BlackElo "1928"]
[PlyCount "116"]
[EventDate "2022.09.01"]
[EventRounds "9"]
[EventCountry "BRA"]

1. d4 Nf6 2. Nf3 e6 3. c4 b6 4. a3 Be7 5. Nc3 Bb7 6. Qc2 d6 7. e4 Nbd7 8. h3 e5
9. Be3 O-O 10. Be2 c6 11. O-O Qc7 12. Rac1 Rfc8 13. d5 cxd5 14. cxd5 Nf8 15.
Nh2 Ng6 16. Qd2 Qd8 17. Ng4 Rc7 18. Nxf6+ Bxf6 19. Nb5 Rxc1 20. Rxc1 h6 21. Qb4
Ba6 22. Qa4 Bxb5 23. Bxb5 Bg5 24. Qb3 Bxe3 25. Qxe3 Nf4 26. Kh2 Rc8 27. Bc6 Rc7
28. g3 Ne6 29. Rc3 Qf6 30. Qf3 Qe7 31. a4 Nf8 32. a5 bxa5 33. Ra3 Nd7 34. Rxa5
Nb6 35. b3 Qg5 36. h4 Qd2 37. Ra1 Qb2 38. Rd1 Nc8 39. Rd3 Ne7 40. Rc3 f5 41.
exf5 e4 42. Qe3 Nxf5 43. Qxe4 Qxc3 44. Qxf5 Rf7 45. Qe6 Qf6 46. f4 Qxe6 47.
dxe6 Rc7 48. Bd5 Kf8 49. b4 Rc2+ 50. Kh3 Rd2 51. Bc6 Ke7 52. f5 Kf6 53. b5 Rf2
54. g4 Re2 55. Kg3 g6 56. Kf4 gxf5 57. gxf5 Re5 58. Kg4 Rxf5 0-1

[Event "Aberto Brasil - II Niterói Chess Open "]
[Site "Salão de Convenções do Hot"]
[Date "2022.09.02"]
[Round "2.23"]
[White "Baptista, Andre Kemper"]
[Black "Terao, Juliana Sayumi"]
[Result "0-1"]
[WhiteElo "1900"]
[BlackElo "2223"]
[PlyCount "74"]
[EventDate "2022.09.01"]
[EventRounds "9"]
[EventCountry "BRA"]

1. e4 c5 2. Nc3 e6 3. f4 d5 4. Bb5+ Nc6 5. Bxc6+ bxc6 6. d3 Nf6 7. Nf3 Be7 8.
O-O Ba6 9. e5 Nd7 10. b3 Qc7 11. Ne2 c4 12. dxc4 dxc4 13. Be3 O-O 14. c3 Rad8
15. Qc2 Nb6 16. b4 c5 17. a3 Bb7 18. Bxc5 Bxc5+ 19. bxc5 Qxc5+ 20. Ned4 Nd5 21.
Qd2 Nxc3 22. Qxc3 Bxf3 23. Rxf3 Rxd4 24. Kh1 Rfd8 25. h3 h5 26. Rc1 Rd1+ 27.
Rf1 Rxf1+ 28. Rxf1 Rd3 29. Qb4 Qxb4 30. axb4 Rb3 31. Ra1 c3 32. Rc1 Kh7 33. b5
h4 34. Kh2 Kg6 35. Rc2 Kf5 36. Ra2 Rxb5 37. Rxa7 Rc5 0-1

[Event "Aberto Brasil - II Niterói Chess Open "]
[Site "Salão de Convenções do Hot"]
[Date "2022.09.02"]
[Round "2.24"]
[White "Gauche, Charles"]
[Black "Montanu, Dan-Vladimir"]
[Result "1-0"]
[WhiteElo "2219"]
[BlackElo "1894"]
[PlyCount "157"]
[EventDate "2022.09.01"]
[EventRounds "9"]
[EventCountry "BRA"]

1. e4 e6 2. d4 d5 3. Nc3 Bb4 4. e5 Ne7 5. a3 Bxc3+ 6. bxc3 b6 7. a4 Ba6 8. Bxa6
Nxa6 9. Qd3 Nb8 10. Ne2 Nbc6 11. O-O Na5 12. Ng3 h5 13. h4 Qd7 14. Qf3 g6 15.
Bg5 Nf5 16. Bf4 Nxg3 17. fxg3 Rh7 18. g4 hxg4 19. Qxg4 Qc6 20. Rf3 Kd7 21. Rh3
Rf8 22. Qf3 Kc8 23. g4 Nc4 24. Qf2 a5 25. Kh2 Qe8 26. Qg2 Rg8 27. Qe2 Kb7 28.
Bg5 Qc6 29. Rf3 Qd7 30. Qf2 Rgh8 31. Kg3 Re8 32. Qe2 Rf8 33. Rff1 Qc6 34. Rfb1
Rfh8 35. Rb5 Ka7 36. Rf1 Na3 37. Rb3 Nc4 38. Ra1 Kb7 39. Qd3 Rg8 40. Qf3 Qd7
41. Qf4 Rgh8 42. Bf6 Rg8 43. Qg5 Qe8 44. Rbb1 Ka7 45. Rf1 Nb2 46. Qc1 Nc4 47.
Rf2 Qd7 48. Qb1 Kb7 49. Qb3 Qc6 50. Rh1 Ka6 51. Rb1 Kb7 52. Kf4 Qe8 53. Kf3 Qf8
54. Rh2 Qh6 55. Bg5 Qf8 56. Ke2 Rgh8 57. Rbh1 Qg7 58. Qb5 Nxe5 59. dxe5 Qxe5+
60. Kd2 f6 61. Be3 Qg3 62. Qe2 Rxh4 63. Rxh4 Rxh4 64. Rxh4 Qxh4 65. c4 f5 66.
cxd5 exd5 67. Qg2 Qxg4 68. Qxd5+ Kc8 69. Qc6 Qb4+ 70. Kd3 f4 71. Bd4 g5 72. Bf6
g4 73. Be5 Qe7 74. Qa8+ Kd7 75. Qd5+ Ke8 76. Bxf4 Qh7+ 77. Kc3 Qh3+ 78. Kb2 Qf3
79. Qc4 1-0

[Event "Aberto Brasil - II Niterói Chess Open "]
[Site "Salão de Convenções do Hot"]
[Date "2022.09.02"]
[Round "2.25"]
[White "De Souza, Felipe Guimaraes"]
[Black "Luz, Arthur Nader"]
[Result "0-1"]
[WhiteElo "1893"]
[BlackElo "2199"]
[PlyCount "69"]
[EventDate "2022.09.01"]
[EventRounds "9"]
[EventCountry "BRA"]

1. Nf3 d6 2. d4 Nf6 3. c4 g6 4. Nc3 Bg7 5. e4 O-O 6. Be2 e5 7. d5 a5 8. Bg5 h6
9. Bh4 Qe8 10. Nd2 Nh7 11. a3 a4 12. O-O Bd7 13. Nb5 Bxb5 14. cxb5 Nd7 15. f3
b6 16. Rc1 Nc5 17. Bf2 h5 18. Be3 Qe7 19. Rc4 f5 20. Bxc5 bxc5 21. Rxa4 Rxa4
22. Qxa4 Bh6 23. Nc4 Bf4 24. g3 Qg5 25. Kf2 fxe4 26. gxf4 Rxf4 27. Ke1 Qh4+ 28.
Kd1 exf3 29. Rxf3 Rd4+ 30. Kc2 Qe4+ 31. Kc1 Qxe2 32. Qa8+ Kg7 33. Rc3 Nf6 34.
b6 Ne4 35. Qa6 0-1

[Event "Aberto Brasil - II Niterói Chess Open "]
[Site "Salão de Convenções do Hot"]
[Date "2022.09.02"]
[Round "2.26"]
[White "Silva, Kaua Marques"]
[Black "Jorge, Denrick Cabral Jose"]
[Result "1-0"]
[WhiteElo "2199"]
[BlackElo "1892"]
[PlyCount "97"]
[EventDate "2022.09.01"]
[EventRounds "9"]
[EventCountry "BRA"]

1. d4 Nf6 2. c4 g6 3. Nc3 d5 4. h4 c5 5. cxd5 Nxd5 6. Na4 Bg7 7. Nxc5 Nc6 8. e4
Nf6 9. e5 Ng4 10. Nb3 Be6 11. Be2 h5 12. Nf3 O-O 13. O-O a5 14. Bg5 b6 15. Rc1
Nb4 16. a3 Nd5 17. Bd3 Qd7 18. Qe2 a4 19. Bb5 Qd8 20. Na1 Bd7 21. Bd3 f6 22.
Be4 Bf5 23. Bxf5 gxf5 24. Bd2 fxe5 25. dxe5 e6 26. Rc6 Qd7 27. Rd6 Qe8 28. Nc2
Rd8 29. Rxd8 Qxd8 30. Nb4 Re8 31. Bg5 Qa8 32. Nd3 Qa6 33. Qd2 Rc8 34. Nf4 Nxf4
35. Bxf4 Qc4 36. Qd7 Rc7 37. Qe8+ Bf8 38. Bg5 Rf7 39. Rc1 Qe2 40. Be3 Nxe3 41.
Re1 Qxb2 42. Rxe3 f4 43. Ng5 Re7 44. Qg6+ Bg7 45. Rd3 Qc1+ 46. Kh2 Qc8 47. Rf3
Qc4 48. g3 Qd4 49. Rxf4 1-0

[Event "Aberto Brasil - II Niterói Chess Open "]
[Site "Salão de Convenções do Hot"]
[Date "2022.09.02"]
[Round "2.27"]
[White "Da Costa, Loyson Rodrigues"]
[Black "Caldeira, Adriano"]
[Result "0-1"]
[WhiteElo "1891"]
[BlackElo "2192"]
[PlyCount "62"]
[EventDate "2022.09.01"]
[EventRounds "9"]
[EventCountry "BRA"]

1. d4 d5 2. c4 c6 3. Nc3 e6 4. e3 Nf6 5. Nf3 Nbd7 6. Be2 Bd6 7. O-O O-O 8. b3
Ne4 9. Bb2 f5 10. g3 Qf6 11. Nd2 Qh6 12. Kg2 Ndf6 13. f4 Nxc3 14. Bxc3 Bd7 15.
h3 g5 16. Rh1 Kh8 17. Nf3 gxf4 18. exf4 Bxf4 19. gxf4 Qxf4 20. Rg1 Rg8+ 21. Kf1
Rxg1+ 22. Kxg1 Qg3+ 23. Kh1 Qxh3+ 24. Nh2 Qxc3 25. Rc1 Qe3 26. Bf3 Rg8 27. Rc2
Ne4 28. Bxe4 Qxe4+ 29. Nf3 Rg3 30. Rf2 Rh3+ 31. Kg2 Qg4+ 0-1

[Event "Aberto Brasil - II Niterói Chess Open "]
[Site "Salão de Convenções do Hot"]
[Date "2022.09.02"]
[Round "2.28"]
[White "Cruz, Natan Gomes"]
[Black "Viana, Dirceu"]
[Result "1-0"]
[WhiteElo "1881"]
[BlackElo "2190"]
[PlyCount "79"]
[EventDate "2022.09.01"]
[EventRounds "9"]
[EventCountry "BRA"]

1. e4 e6 2. d4 d5 3. e5 Ne7 4. Nf3 b6 5. a4 a5 6. Bd3 Qd7 7. Qe2 Ba6 8. Nbd2
Bxd3 9. Qxd3 Nbc6 10. c3 Nf5 11. Nc4 h5 12. Na3 Nce7 13. Bd2 c5 14. O-O g6 15.
b3 Rc8 16. Rab1 Nc6 17. Rbc1 Be7 18. h3 Nh4 19. Nxh4 Bxh4 20. Qb5 Bd8 21. dxc5
Nxe5 22. Qxd7+ Kxd7 23. cxb6 Bxb6 24. Rfd1 Ke7 25. Re1 Kd6 26. Rcd1 Nd3 27. Re2
Nc5 28. Rb1 Ne4 29. Nc4+ dxc4 30. Rxe4 cxb3 31. Rxb3 Rc6 32. Bf4+ Kc5 33. Re5+
Kc4 34. Rb1 Rd8 35. Re4+ Kd3 36. Ree1 Rd5 37. Be5 f5 38. Kf1 g5 39. c4 Rd8 40.
c5 1-0

[Event "Aberto Brasil - II Niterói Chess Open "]
[Site "Salão de Convenções do Hot"]
[Date "2022.09.02"]
[Round "2.29"]
[White "Rangel, Daniel"]
[Black "Dos Santos, Fabricio Ferreira"]
[Result "1-0"]
[WhiteElo "2189"]
[BlackElo "1882"]
[PlyCount "49"]
[EventDate "2022.09.01"]
[EventRounds "9"]
[EventCountry "BRA"]

1. c4 e6 2. d4 d5 3. Nf3 Nf6 4. g3 c5 5. cxd5 exd5 6. Bg2 Nc6 7. O-O Be7 8. Nc3
O-O 9. dxc5 Bxc5 10. b3 Re8 11. Bb2 Be6 12. Ng5 Bd4 13. Nxe6 fxe6 14. e3 Be5
15. Qe2 Qa5 16. Rac1 Rad8 17. a3 Bxc3 18. Rxc3 e5 19. b4 Qa4 20. Qd1 Qxd1 21.
Rxd1 d4 22. exd4 Nxd4 23. Rcd3 Nc6 24. Rxd8 Nxd8 25. Bxe5 1-0

[Event "Aberto Brasil - II Niterói Chess Open "]
[Site "Salão de Convenções do Hot"]
[Date "2022.09.02"]
[Round "2.30"]
[White "Martins de Aguiar, Marina"]
[Black "Guimaraes, Wagner Peixoto"]
[Result "0-1"]
[WhiteElo "1873"]
[BlackElo "2188"]
[PlyCount "68"]
[EventDate "2022.09.01"]
[EventRounds "9"]
[EventCountry "BRA"]

1. e4 c5 2. Nf3 d6 3. d4 cxd4 4. Nxd4 Nf6 5. Nc3 a6 6. f3 e6 7. Be3 b5 8. Qd2
b4 9. Nce2 d5 10. exd5 Nxd5 11. Bf2 Bc5 12. Ng3 O-O 13. Ne4 Be7 14. Bd3 f5 15.
Ng3 Bg5 16. Qe2 Nf4 17. Qf1 Qa5 18. Bc4 Qe5+ 19. Nge2 Nd5 20. Bxd5 Qxd5 21. f4
Bf6 22. Be3 Bb7 23. Rg1 Nc6 24. Qf2 Rfd8 25. c3 Rac8 26. Nxc6 Bxc6 27. Bd4 Bb5
28. Qe3 bxc3 29. Bxc3 Bxc3+ 30. Nxc3 Qc4 31. Nxb5 axb5 32. Rd1 Rxd1+ 33. Kxd1
Qc2+ 34. Ke1 Qb1+ 0-1

[Event "Aberto Brasil - II Niterói Chess Open "]
[Site "Salão de Convenções do Hot"]
[Date "2022.09.02"]
[Round "2.31"]
[White "Dos Santos, Thiago Lopes Verbic"]
[Black "Aranha Filho, Alvaro Z."]
[Result "0-1"]
[WhiteElo "1865"]
[BlackElo "2184"]
[PlyCount "51"]
[EventDate "2022.09.01"]
[EventRounds "9"]
[EventCountry "BRA"]

1. e4 c5 2. Nf3 a6 3. c4 e6 4. Nc3 Nc6 5. g3 Nd4 6. Bg2 d6 7. O-O g6 8. Nxd4
cxd4 9. Ne2 Bg7 10. d3 Ne7 11. h3 O-O 12. Kh2 e5 13. f4 f5 14. Qb3 Kh8 15. Bd2
Rb8 16. a4 Be6 17. Qc2 Qd7 18. b4 fxe4 19. Bxe4 Bxh3 20. Bg2 Bxg2 21. Kxg2 Qg4
22. Qd1 Nf5 23. Rh1 exf4 24. Bxf4 Ne3+ 25. Bxe3 dxe3 26. Nf4 0-1

[Event "Aberto Brasil - II Niterói Chess Open "]
[Site "Salão de Convenções do Hot"]
[Date "2022.09.02"]
[Round "2.32"]
[White "Sega, Carlos Alberto"]
[Black "Dias, Matheus Braga"]
[Result "1-0"]
[WhiteElo "2184"]
[BlackElo "1877"]
[PlyCount "71"]
[EventDate "2022.09.01"]
[EventRounds "9"]
[EventCountry "BRA"]

1. c4 Nf6 2. Nc3 d5 3. cxd5 Nxd5 4. g3 g6 5. Bg2 Nb6 6. d3 Bg7 7. Bd2 O-O 8.
Qc1 Re8 9. Nf3 Nc6 10. O-O e5 11. Re1 Bg4 12. h3 Bd7 13. Ne4 Qc8 14. Kh2 Ne7
15. Bh6 Nf5 16. Bxg7 Kxg7 17. Nc5 Bc6 18. e4 Nd4 19. Nxd4 exd4 20. Qc2 Nd7 21.
Qc4 Nxc5 22. Qxd4+ Kg8 23. Qxc5 Qd7 24. d4 b6 25. Qc3 Rac8 26. Rad1 Bb7 27. d5
c5 28. e5 Rcd8 29. f4 h5 30. e6 fxe6 31. dxe6 Qe7 32. Rxd8 Rxd8 33. Bxb7 Rd4
34. Kg2 h4 35. Qe3 hxg3 36. Qxg3 1-0

[Event "Aberto Brasil - II Niterói Chess Open "]
[Site "Salão de Convenções do Hot"]
[Date "2022.09.02"]
[Round "2.33"]
[White "Karoly, Carlos Acacio Gomes"]
[Black "Freitas, Andre Henrique Lemo"]
[Result "1-0"]
[WhiteElo "1854"]
[BlackElo "2184"]
[PlyCount "83"]
[EventDate "2022.09.01"]
[EventRounds "9"]
[EventCountry "BRA"]

1. e4 c5 2. Nf3 d6 3. d4 cxd4 4. Qxd4 Nc6 5. Bb5 Bd7 6. Bxc6 Bxc6 7. Nc3 Nf6 8.
Bg5 e6 9. O-O-O Be7 10. Rhe1 O-O 11. Qd2 Qc7 12. Kb1 Rfd8 13. Nd4 a6 14. f4 h6
15. h4 b5 16. a3 Bb7 17. Qe2 Rac8 18. g4 Qc4 19. Rd3 b4 20. axb4 Qxb4 21. Nb3
a5 22. Rd4 Qb6 23. Na4 Qc7 24. Nc3 Kf8 25. e5 dxe5 26. Rxd8+ Bxd8 27. Bxf6 Bxf6
28. g5 hxg5 29. fxg5 Be7 30. Qh5 Ke8 31. Rf1 Bf8 32. g6 f5 33. Qh8 a4 34. Qg8
Qe7 35. Na5 Rxc3 36. bxc3 a3 37. Qf7+ Qxf7 38. gxf7+ Kxf7 39. Nxb7 e4 40. c4
Ke8 41. c5 g6 42. Nd6+ 1-0

[Event "Aberto Brasil - II Niterói Chess Open "]
[Site "Salão de Convenções do Hot"]
[Date "2022.09.02"]
[Round "2.34"]
[White "Do Valle Cardoso, Lucas"]
[Black "Borsato, Ana Carolina Teodor"]
[Result "1-0"]
[WhiteElo "2162"]
[BlackElo "1845"]
[PlyCount "59"]
[EventDate "2022.09.01"]
[EventRounds "9"]
[EventCountry "BRA"]

1. e4 e5 2. Nf3 Nc6 3. d4 exd4 4. Bc4 Nf6 5. e5 d5 6. Bb5 Ne4 7. Nxd4 Bd7 8.
Bxc6 bxc6 9. O-O Bc5 10. f3 Ng5 11. f4 Ne4 12. Be3 Qh4 13. Nd2 Bg4 14. N2f3 Qh5
15. Qd3 O-O 16. Nxc6 Bxe3+ 17. Qxe3 Rfe8 18. Nfd4 f6 19. Rae1 fxe5 20. fxe5 Kh8
21. c4 Nf6 22. Qf4 Nd7 23. cxd5 Rf8 24. Qe3 Rae8 25. h3 Bf5 26. Qf3 Qg5 27.
Nxf5 g6 28. e6 Rxf5 29. exd7 Rxe1 30. Qc3+ 1-0

[Event "Aberto Brasil - II Niterói Chess Open "]
[Site "Salão de Convenções do Hot"]
[Date "2022.09.02"]
[Round "2.35"]
[White "Rodrigues, Nei Jorge"]
[Black "Federzoni, Enzo"]
[Result "0-1"]
[WhiteElo "1850"]
[BlackElo "2158"]
[PlyCount "46"]
[EventDate "2022.09.01"]
[EventRounds "9"]
[EventCountry "BRA"]

1. d4 Nf6 2. c4 e6 3. Nc3 Bb4 4. Nf3 c5 5. Qb3 Nc6 6. e3 b6 7. a3 Bxc3+ 8. Qxc3
O-O 9. Bd3 Bb7 10. O-O Rc8 11. dxc5 bxc5 12. b4 d6 13. Bb2 Qb6 14. Bc2 e5 15.
Nh4 Ne7 16. f4 e4 17. g4 Rfd8 18. g5 Ne8 19. Rad1 d5 20. f5 d4 21. exd4 cxd4
22. Rxd4 Nc6 23. Qe3 Nxd4 0-1

[Event "Aberto Brasil - II Niterói Chess Open "]
[Site "Salão de Convenções do Hot"]
[Date "2022.09.02"]
[Round "2.36"]
[White "Piccoli, Lucas Fonseca"]
[Black "Domingues, Pedro Henrique Da S"]
[Result "1-0"]
[WhiteElo "2156"]
[BlackElo "1841"]
[PlyCount "83"]
[EventDate "2022.09.01"]
[EventRounds "9"]
[EventCountry "BRA"]

1. e4 c5 2. Nf3 d6 3. d4 cxd4 4. Nxd4 Nf6 5. Nc3 a6 6. Be2 e5 7. Nb3 Be6 8. f4
Nbd7 9. f5 Bxb3 10. axb3 Be7 11. Be3 Rc8 12. g4 Rxc3 13. bxc3 Nxe4 14. Qd3 Bh4+
15. Kf1 Ndc5 16. Bxc5 Nxc5 17. Qd5 Qb6 18. Kg2 Nd7 19. Rhf1 Nf6 20. Qc4 O-O 21.
Bf3 e4 22. Bd1 d5 23. Qe2 e3 24. Ra4 Ne4 25. Rb4 Qa7 26. Rd4 Bf6 27. Rd3 Nxc3
28. Qxe3 d4 29. Qg3 Nd5 30. Kh1 Ne3 31. Rf2 Re8 32. g5 Be5 33. Qf3 Qb8 34. g6
h6 35. gxf7+ Kxf7 36. Qh5+ Kg8 37. f6 Rd8 38. f7+ Kh8 39. Bf3 Qd6 40. Be4 Qb4
41. Rfd2 Qb6 42. Qxe5 1-0

[Event "Aberto Brasil - II Niterói Chess Open "]
[Site "Salão de Convenções do Hot"]
[Date "2022.09.02"]
[Round "2.37"]
[White "Morais, Wagner Soares De"]
[Black "Tomiello, Lucas Costamilan"]
[Result "0-1"]
[WhiteElo "1845"]
[BlackElo "2147"]
[PlyCount "68"]
[EventDate "2022.09.01"]
[EventRounds "9"]
[EventCountry "BRA"]

1. d4 Nf6 2. Bf4 d5 3. e3 c5 4. c3 Nc6 5. Bd3 e6 6. Nd2 Bd6 7. Bxd6 Qxd6 8. f4
Bd7 9. a3 O-O 10. Ngf3 b5 11. O-O cxd4 12. cxd4 Na5 13. Qe2 Nc4 14. Rab1 Rfc8
15. Ne5 Be8 16. g4 Nd7 17. g5 Ndxe5 18. fxe5 Qe7 19. Rf6 Rab8 20. Nf1 b4 21.
axb4 Rxb4 22. b3 Na5 23. Nd2 Rc3 24. h4 Qc7 25. Rbf1 Rc1 26. Rh6 gxh6 27. Qh5
Rxf1+ 28. Nxf1 hxg5 29. Qxg5+ Kf8 30. Qf6 Bb5 31. Bxb5 Rxb5 32. Kf2 Rxb3 33.
Ng3 Ke8 34. Nh5 Qc2+ 0-1

[Event "Aberto Brasil - II Niterói Chess Open "]
[Site "Salão de Convenções do Hot"]
[Date "2022.09.02"]
[Round "2.38"]
[White "Ribeiro, Matheus Mendes Domi"]
[Black "Rodrigues, Julliano De Araujo"]
[Result "1/2-1/2"]
[WhiteElo "2142"]
[BlackElo "1829"]
[PlyCount "80"]
[EventDate "2022.09.01"]
[EventRounds "9"]
[EventCountry "BRA"]

1. c4 c6 2. Nf3 d5 3. e3 Nf6 4. Nc3 a6 5. d4 b5 6. b3 Bg4 7. Be2 e6 8. O-O Bd6
9. h3 Bh5 10. Ne5 Bxe2 11. Qxe2 O-O 12. Bb2 Qc7 13. Rac1 dxc4 14. bxc4 b4 15.
Na4 Nbd7 16. Nxd7 Nxd7 17. e4 Rfd8 18. c5 Bf4 19. Rcd1 Qa5 20. Qc2 Bc7 21. Rfe1
Nf8 22. Re3 Ng6 23. g3 Qb5 24. Red3 a5 25. d5 exd5 26. exd5 cxd5 27. Rxd5 Rxd5
28. Rxd5 Rd8 29. Rxd8+ Bxd8 30. c6 Bc7 31. Bd4 Ne7 32. Qe4 Qxa4 33. Qxe7 Qxc6
34. Bc5 h6 35. Qf8+ Kh7 36. Bd4 Qg6 37. Qc8 Qd6 38. Qf5+ Qg6 39. Qc5 Bd8 40.
Qd5 Bc7 1/2-1/2

[Event "Aberto Brasil - II Niterói Chess Open "]
[Site "Salão de Convenções do Hot"]
[Date "2022.09.02"]
[Round "2.39"]
[White "De Albuquerque, Pedro Henrique Corr"]
[Black "Nemeth Junior, Henrique"]
[Result "0-1"]
[WhiteElo "1835"]
[BlackElo "2137"]
[PlyCount "48"]
[EventDate "2022.09.01"]
[EventRounds "9"]
[EventCountry "BRA"]

1. e4 c5 2. Nf3 e6 3. d4 cxd4 4. Nxd4 Nc6 5. Nc3 Qc7 6. Be2 Nf6 7. O-O a6 8.
Be3 Bb4 9. Nxc6 bxc6 10. Na4 Rb8 11. f3 Bd6 12. g3 h5 13. Kg2 h4 14. Bb6 Rxb6
15. Nxb6 hxg3 16. hxg3 Bxg3 17. Rh1 Bh4 18. Qe1 g5 19. Nxc8 Qxc8 20. Qc3 Qc7
21. Kf1 Qg3 22. Qe3 Nxe4 23. Bxa6 g4 24. Bd3 gxf3 0-1

[Event "Aberto Brasil - II Niterói Chess Open "]
[Site "Salão de Convenções do Hot"]
[Date "2022.09.02"]
[Round "2.40"]
[White "Da Cunha, Fabio Barbosa"]
[Black "Santos, Abel Cardoso Dos"]
[Result "1-0"]
[WhiteElo "2130"]
[BlackElo "1826"]
[PlyCount "169"]
[EventDate "2022.09.01"]
[EventRounds "9"]
[EventCountry "BRA"]

1. c4 Nf6 2. Nc3 g6 3. g3 Bg7 4. Bg2 d6 5. e4 e5 6. Nge2 Nc6 7. h3 Nd7 8. O-O
Nc5 9. d3 O-O 10. Nd5 Ne6 11. f4 Ncd4 12. Nxd4 Nxd4 13. f5 f6 14. g4 c6 15. Nc3
g5 16. Be3 a6 17. Qd2 Rb8 18. Qf2 c5 19. Nd5 Rf7 20. Bf3 b5 21. Kg2 Nxf3 22.
Kxf3 Bb7 23. h4 bxc4 24. dxc4 Bxd5 25. cxd5 Rfb7 26. Rab1 h6 27. hxg5 fxg5 28.
Kg2 a5 29. Qc2 Bf6 30. Rh1 Bg7 31. Bd2 a4 32. Bc3 Ra8 33. Rh3 Rba7 34. a3 Rb7
35. Rbh1 Qf6 36. Rh5 Rb3 37. R1h3 Rab8 38. Rf3 Rf8 39. Qd3 Ra8 40. Rf2 Ra7 41.
Kg1 Bf8 42. Qd1 Rf7 43. Qf1 Ra7 44. Qc1 Bg7 45. Rfh2 Rab7 46. Qf1 Ra7 47. Qh3
Kh7 48. Qd3 Kg8 49. Qc4 Bf8 50. Qf1 Bg7 51. Qc1 Rab7 52. R5h3 Rb8 53. Ba5 R3b5
54. Bc3 Rb3 55. Qe3 R8b7 56. Qf3 Bf8 57. Qh1 Rh7 58. Qg2 Rhb7 59. Qe2 Ra7 60.
Qc2 Rab7 61. Qc1 Bg7 62. Rf3 Bf8 63. Qf1 Ra7 64. Qh3 Rab7 65. Qh5 Rf7 66. Rhf2
Rb8 67. Rh2 Kh7 68. Bd2 Rg7 69. Qxh6+ Qxh6 70. Rxh6+ Kg8 71. Bc1 Rh7 72. Rxh7
Kxh7 73. Rh3+ Kg7 74. Bxg5 Rxb2 75. Bh6+ Kf7 76. Bxf8 Kxf8 77. Rh7 Rb3 78. Kf2
Rxa3 79. g5 Ra2+ 80. Kf3 Ra3+ 81. Kg4 Re3 82. f6 Rxe4+ 83. Kf5 Rf4+ 84. Kg6 Ke8
85. Ra7 1-0

[Event "Aberto Brasil - II Niterói Chess Open "]
[Site "Salão de Convenções do Hot"]
[Date "2022.09.02"]
[Round "2.41"]
[White "Lage, Pedro Ferreira"]
[Black "Flores, Clarice Soares Leit"]
[Result "1-0"]
[WhiteElo "2119"]
[BlackElo "1767"]
[PlyCount "113"]
[EventDate "2022.09.01"]
[EventRounds "9"]
[EventCountry "BRA"]

1. Nf3 c5 2. c4 g6 3. d4 cxd4 4. Nxd4 Bg7 5. e4 Nc6 6. Be3 d6 7. Nc3 Nf6 8. Be2
O-O 9. O-O Bd7 10. Qd2 a5 11. Ndb5 a4 12. f3 Qa5 13. Rac1 Rfc8 14. Rfd1 Ne5 15.
b3 axb3 16. axb3 Nc6 17. Na4 Qxd2 18. Bxd2 Ra6 19. Be3 Na5 20. Nb6 Rc6 21. e5
Be6 22. exf6 Bxf6 23. b4 Nb3 24. Rb1 Na1 25. Nd5 Nc2 26. Nxf6+ exf6 27. Bf2
Bxc4 28. Bxc4 Rxc4 29. Nxd6 Rxb4 30. Rxb4 Nxb4 31. Nxb7 Kg7 32. Nc5 Ra2 33. Ne4
Nc2 34. h3 f5 35. Nc3 Ra3 36. Nb5 Ra5 37. Nd6 Kf6 38. Rd2 Ra2 39. Kh2 Nb4 40.
Rxa2 Nxa2 41. Kg3 Nb4 42. Nc4 Nd3 43. Bd4+ Ke6 44. Nb2 Nb4 45. Kf2 Nc6 46. Bc3
f4 47. Ke2 Kf5 48. Kd3 h5 49. Nc4 g5 50. Nd6+ Ke6 51. Nb5 Kf5 52. Nd4+ Nxd4 53.
Kxd4 f6 54. Kd5 h4 55. Bd4 g4 56. fxg4+ Kg6 57. Ke6 1-0

[Event "Aberto Brasil - II Niterói Chess Open "]
[Site "Salão de Convenções do Hot"]
[Date "2022.09.02"]
[Round "2.42"]
[White "Lima, Kleyton Alcantara"]
[Black "Da Silva, Joao Carlos Orguim"]
[Result "1-0"]
[WhiteElo "2107"]
[BlackElo "1747"]
[PlyCount "127"]
[EventDate "2022.09.01"]
[EventRounds "9"]
[EventCountry "BRA"]

1. e4 c5 2. Nf3 Nc6 3. c3 e6 4. d4 cxd4 5. cxd4 d5 6. e5 Nge7 7. Bd3 Nf5 8.
Bxf5 exf5 9. O-O Be7 10. Nc3 Be6 11. Be3 g5 12. Ne1 f4 13. Bc1 Qd7 14. a3 O-O-O
15. b4 Kb8 16. Rb1 b6 17. Ne2 Rc8 18. Bd2 Ka8 19. a4 Nb8 20. b5 Rc4 21. a5 Bd8
22. axb6 Bxb6 23. Bc3 Rhc8 24. Qd2 Qc7 25. Rb3 Ra4 26. Qb2 Qc4 27. Nf3 h6 28.
Rc1 Qc7 29. Bb4 Qb7 30. Rxc8 Qxc8 31. Nc3 Rxb4 32. Rxb4 Ba5 33. Rb3 g4 34. Nd2
Qd8 35. Na4 Qg5 36. b6 a6 37. b7+ Ka7 38. Qc2 Qe7 39. Nc5 Bb6 40. Rb2 Qc7 41.
Ndb3 Bd7 42. Qe2 f3 43. gxf3 gxf3 44. Qxf3 Bc6 45. Rb1 Bxb7 46. Nxb7 Qxb7 47.
Nc5 Qe7 48. Qxd5 Bxc5 49. dxc5 Qc7 50. Qd6 Qc8 51. Qe7+ Ka8 52. Qxf7 Qg4+ 53.
Kf1 Qe4 54. Rb3 Qh1+ 55. Ke2 Qe4+ 56. Re3 Qc2+ 57. Kf3 Qxc5 58. Qf5 Nc6 59. Qe4
Ka7 60. e6 Ne7 61. Rd3 Qh5+ 62. Kg2 Qg5+ 63. Rg3 Qf6 64. Qe3+ {lost on time}
1-0

[Event "Aberto Brasil - II Niterói Chess Open "]
[Site "Salão de Convenções do Hot"]
[Date "2022.09.02"]
[Round "2.43"]
[White "Jenidarchiche, Douglas Rodrigo"]
[Black "Zacarias, Rodrigo Medeiros"]
[Result "0-1"]
[WhiteElo "1826"]
[BlackElo "2095"]
[PlyCount "92"]
[EventDate "2022.09.01"]
[EventRounds "9"]
[EventCountry "BRA"]

1. d4 Nf6 2. c4 g6 3. Nc3 d5 4. Nf3 Bg7 5. e3 O-O 6. b4 a5 7. b5 c5 8. bxc6
Nxc6 9. Ba3 Bf5 10. Qb3 a4 11. Qxb7 Qa5 12. Qb2 Ne4 13. Rc1 Rfb8 14. Qa1 Rb1
15. Qxb1 Nxc3 16. Qb2 Nb1+ 17. Kd1 Rb8 18. Be2 Rxb2 19. Bxb2 a3 20. Ba1 Nb4 21.
cxd5 Qa4+ 22. Ke1 Nc2+ 23. Kf1 Nxa1 24. g4 Bc2 25. Kg2 Qb4 26. Ne1 Be4+ 27. Bf3
Nb3 28. Rc8+ Bf8 29. Bxe4 N3d2 30. Bxb1 Qxb1 31. Rc2 Ne4 32. f3 Nf6 33. e4 Bh6
34. Re2 Bf4 35. h4 Qd1 36. Rc2 Bd2 37. Rc8+ Kg7 38. Nc2 Qe2+ 39. Kg3 h5 40. g5
Ng4 41. fxg4 Qxg4+ 42. Kf2 Qxc8 43. Nxa3 Qc3 44. Nb1 Qe3+ 45. Kg2 Qxe4+ 46. Kh2
Bf4+ 0-1

[Event "Aberto Brasil - II Niterói Chess Open "]
[Site "Salão de Convenções do Hot"]
[Date "2022.09.02"]
[Round "2.44"]
[White "Baeta, Marcio Netto"]
[Black "Do Nascimento, Christian Almeida"]
[Result "1/2-1/2"]
[WhiteElo "1799"]
[BlackElo "2089"]
[PlyCount "91"]
[EventDate "2022.09.01"]
[EventRounds "9"]
[EventCountry "BRA"]

1. e4 c5 2. d4 cxd4 3. Nf3 Nc6 4. Nxd4 g6 5. Nxc6 bxc6 6. Qd4 Nf6 7. e5 Nd5 8.
e6 f6 9. exd7+ Bxd7 10. Bc4 e5 11. Qh4 Bg7 12. O-O O-O 13. Nc3 Be6 14. Rd1 Bf7
15. Bb3 Qd7 16. Nxd5 cxd5 17. Bxd5 Bxd5 18. c4 Qa4 19. Rxd5 Rad8 20. Qg4 f5 21.
Qe2 Rxd5 22. cxd5 Rd8 23. b3 Qd4 24. Bb2 Qxd5 25. Rc1 Qd2 26. Kf1 Qa5 27. Qc4+
Kh8 28. b4 Qa4 29. b5 Qa5 30. a4 Qd2 31. Qe2 Qd6 32. Qc4 h6 33. a5 Qd2 34. Qc3
Qf4 35. g3 Qa4 36. Qc5 Qe4 37. Kg1 Rd2 38. Bc3 Rd5 39. Qc8+ Kh7 40. b6 axb6 41.
axb6 Rb5 42. Re1 Rb1 43. b7 Qxb7 44. Qxb7 Rxb7 45. Bxe5 Re7 46. Bc3 1/2-1/2